000 01325cam a22003617a 4500
001 16125222
003 ARRUPE
005 20131205131915.0
008 100309s2009 enkab 000 0deng
010 _a 2010399354
015 _aGBA925819
_2bnb
016 7 _a014927030
_2Uk
020 _a9781846141867 (hbk.)
020 _a1846141869 (hbk.)
035 _a(OCoLC)ocn315081693
040 _aUKM
_cUKM
_dBTCTA
_dBWKUK
_dYDXCP
_dBWK
_dVP@
_dCDX
_dDLC
042 _aukblcatcopy
_alccopycat
043 _ae-uk---
_aa-iq---
_aa-af---
050 0 0 _aUA652.G7
_bH46 2009
082 0 4 _a355.0092
_222
100 1 _aHennessey, Patrick,
_d1982-
_95175
245 1 4 _aThe Junior Officers' Reading Club :
_bkilling time and fighting wars /
_cPatrick Hennessey.
260 _aLondon :
_bAllen Lane,
_c2009.
300 _axiii, 329 p. :
_bill., maps ;
_c23 cm.
600 1 0 _aHennessey, Patrick,
_d1982-
_95176
610 1 0 _aGreat Britain.
_bArmy.
_bGrenadier Guards.
_bBattalion, 1st.
_95177
650 0 _aSoldiers
_zGreat Britain
_vBiography.
_95178
650 0 _aIraq War, 2003-2011
_vPersonal narratives, British.
_95179
650 0 _aAfghan War, 2001-
_vPersonal narratives, British.
_95180
906 _a7
_bcbc
_ccopycat
_d2
_encip
_f20
_gy-gencatlg
942 _2lcc
_cMONOGRAPH
999 _c119094
_d119094